000 00444nam a2200133Ia 4500
008 211109s9999||||xx |||||||||||||| ||und||
082 _a894.812
_bPUT.D
100 _aDasan, Puthalath
245 0 _aBharateeya Chitrakala
260 _bD.C Books
_aKottayam
_c1996
630 _xGeneral stack
650 _aLiterature & rhetoric
_vLiteratures of other languages
_xAltaic, Uralic, Hyperborean & Dravidianmalayalam literature Malayalam
942 _cBOOK
999 _c54178
_d54178